Top 5 Largest Cities in the USA starting A-Z - Statistics

General Stats
  • This quiz has been taken 132 times
    103 since last reset
  • The average score is 70 of 127
Answer Stats
Letter Population State City % Correct
A 974,447 TX Austin
97%
A 499,127 GA Atlanta
96%
C 2,665,039 IL Chicago
96%
D 1,299,544 TX Dallas
96%
D 713,252 CO Denver
94%
B 650,706 MA Boston
93%
L 656,274 NV Las Vegas
90%
N 8,335,897 NY New York City
90%
H 2,302,878 TX Houston
88%
I 880,621 IN Indianapolis
88%
J 145,995 MS Jackson
88%
S 749,256 WA Seattle
88%
A 561,008 NM Albuquerque
87%
L 3,822,238 CA Los Angeles
87%
O 694,800 OK Oklahoma City
87%
P 1,644,409 AZ Phoenix
87%
S 808,437 CA San Francisco
87%
B 236,634 ID Boise
86%
C 907,971 OH Columbus
86%
D 620,376 MI Detroit
86%
J 971,319 FL Jacksonville
86%
M 449,514 FL Miami
86%
M 425,096 MN Minneapolis
86%
N 683,622 TN Nashville
84%
B 569,931 MD Baltimore
83%
S 1,381,162 CA San Diego
83%
C 897,720 NC Charlotte
81%
K 509,297 MO Kansas City
81%
K 153,345 KS Kansas City
81%
S 1,472,909 TX San Antonio
81%
E 677,456 TX El Paso
80%
H 343,421 HI Honolulu
80%
N 369,749 LA New Orleans
80%
P 635,067 OR Portland
80%
S 971,233 CA San Jose
80%
B 276,486 NY Buffalo
78%
C 361,607 OH Cleveland
78%
P 1,567,258 PA Philadelphia
78%
W 671,803 DC Washington D.C.
78%
M 621,056 TN Memphis
77%
O 316,081 FL Orlando
77%
R 476,587 NC Raleigh
75%
M 563,305 WI Milwaukee
74%
P 302,898 PA Pittsburgh
74%
R 229,395 VA Richmond
74%
C 486,248 CO Colorado Springs
72%
T 546,574 AZ Tucson
72%
D 211,034 IA Des Moines
71%
L 624,444 KY Louisville
71%
O 485,153 NE Omaha
71%
T 398,173 FL Tampa
71%
T 411,867 OK Tulsa
71%
F 956,709 TX Fort Worth
68%
N 305,344 NJ Newark
68%
F 545,567 CA Fresno
67%
W 396,192 KS Wichita
67%
R 273,448 NV Reno
65%
V 455,618 VA Virginia Beach
62%
G 301,115 NC Greensboro
61%
J 286,670 NJ Jersey City
61%
T 266,301 OH Toledo
61%
A 393,537 CO Aurora
59%
B 410,647 CA Bakersfield
59%
K 195,889 TN Knoxville
58%
O 430,553 CA Oakland
58%
L 320,347 KY Lexington
57%
M 512,498 AZ Mesa
57%
R 209,352 NY Rochester
57%
A 394,602 VA Arlington
54%
E 177,923 OR Eugene
52%
F 267,927 IN Fort Wayne
52%
I 313,685 CA Irvine
52%
T 221,776 WA Tacoma
52%
Y 208,121 NY Yonkers
52%
D 291,928 NC Durham
51%
G 252,136 AZ Glendale
48%
H 221,933 AL Huntsville
48%
H 331,415 NV Henderson
46%
L 451,307 CA Long Beach
46%
I 254,715 TX Irving
45%
N 280,543 NV North Las Vegas
45%
R 320,764 CA Riverside
45%
P 289,547 TX Plano
42%
J 150,033 IL Joliet
41%
Q 101,727 MA Quincy
39%
Q 38,516 IL Quincy
39%
H 220,292 FL Hialeah
38%
U 63,316 NY Utica
36%
W 205,319 MA Worcester
36%
F 223,871 CA Fremont
33%
V 194,512 WA Vancouver
33%
Y 99,246 AZ Yuma
33%
G 240,854 TX Garland
32%
W 251,350 NC Winston-Salem
32%
E 134,283 NJ Elizabeth
30%
F 219,587 TX Frisco
30%
I 121,202 MO Independence
30%
G 275,346 AZ Gilbert
29%
Z 24,203 IL Zion
28%
K 134,392 WA Kent
26%
W 136,650 UT West Valley City
26%
I 103,621 CA Inglewood
25%
K 159,172 TX Killeen
25%
X 25,563 OH Xenia
25%
X 380 IL Xenia
25%
Y 95,957 WA Yakima
25%
O 200,415 CA Oxnard
23%
V 137,221 CA Victorville
23%
G 201,843 TX Grand Prairie
22%
E 177,558 CA Elk Grove
20%
U 68,681 CA Union City
20%
U 61,001 NJ Union City
20%
E 150,270 CA Escondido
19%
U 79,274 CA Upland
19%
Z 24,685 OH Zanesville
19%
Z 33,472 IN Zionsville
17%
V 143,966 CA Visalia
16%
Y 67,114 CA Yorba Linda
16%
J 107,609 CA Jurupa Valley
14%
V 123,564 CA Vallejo
14%
Z 20,108 FL Zephyrhills
13%
Q 78,634 AZ Queen Creek
12%
Y 68,711 CA Yuba City
10%
Z 20,686 LA Zachary
9%
Q 2,852 PA Quarryville
4%
U 46,648 IA Urbandale
4%
Q 10,912 CA Quartz Hill
3%
No matching quizzes found
Score Distribution
Percent of People with Each Score
Percentile by Number Answered
Your Score History
You have not taken this quiz since the last reset